[Event "Mar del Plata op 53rd"]
[Site "Mar del Plata"]
[Date "2024.03.30"]
[Round "9"]
[White "Carrizo, Luciano Ariel"]
[Black "Schnaider, Ilan"]
[Result "0-1"]
[WhiteElo "2176"]
[BlackElo "2314"]
[PlyCount "66"]
[EventDate "2024.03.23"]
[EventType "swiss"]
[EventRounds "9"]
[EventCountry "ARG"]
[SourceTitle "CB14_2024"]
[SourceDate "2024.04.01"]
[SourceVersion "1"]
[SourceVersionDate "2024.04.01"]
[SourceQuality "1"]

1. e4 e5 2. Nf3 Nc6 3. Bb5 a6 4. Ba4 Nf6 5. 0-0 d6 6. Re1 Bd7 7. c4 Bg4 8. Nc3 Nd7 9. Bxc6 bxc6 10. d3 Be7 11. Be3 0-0 12. h3 Be6 13. Qa4 c5 14. Nd5 Nb6 15. Qa5 f5 16. b4 fxe4 17. bxc5 Nxd5 18. cxd5 exf3 19. dxe6 fxg2 20. cxd6 Qxd6 21. Rac1 Qxe6 22. Bd4 c5 23. Re3 cxd4 24. Rxe5 Qxh3 25. Qd5+ Kh8 26. Rh5 Qf3 27. Qxf3 Rxf3 28. Re5 Rff8 29. Rh5 Rf3 30. Re5 Bh4 31. Kxg2 Rxf2+ 32. Kh3 Bf6 33. Ra5 h6 0-1

[Event "Mar del Plata op 53rd"]
[Site "Mar del Plata"]
[Date "2024.03.30"]
[Round "8"]
[White "Villegas, Franco"]
[Black "Carrizo, Luciano Ariel"]
[Result "1/2-1/2"]
[WhiteElo "2328"]
[BlackElo "2176"]
[PlyCount "138"]
[EventDate "2024.03.23"]
[EventType "swiss"]
[EventRounds "9"]
[EventCountry "ARG"]
[SourceTitle "CB14_2024"]
[SourceDate "2024.04.01"]
[SourceVersion "1"]
[SourceVersionDate "2024.04.01"]
[SourceQuality "1"]

1. e4 c5 2. Nf3 d6 3. Bb5+ Nd7 4. c3 Ngf6 5. Qe2 a6 6. Ba4 e6 7. 0-0 Be7 8. d4 b5 9. Bc2 cxd4 10. cxd4 Bb7 11. Bf4 Rc8 12. Bd3 0-0 13. h3 Qb6 14. Nbd2 Rfd8 15. Bh2 Nf8 16. a4 b4 17. Nc4 Qa7 18. Rfc1 d5 19. exd5 Bxd5 20. Nce5 Bb7 21. Ng5 Rxc1+ 22. Rxc1 Qxd4 23. Rd1 Ne4 24. Ngxf7 Rd5 25. Re1 Nd6 26. Nxd6 Bxd6 27. Bc2 Qd2 28. Bb3 Rd4 29. Bg3 Qxe2 30. Rxe2 Bd5 31. Bxd5 Rxd5 32. Nc6 Bc5 33. Bf4 Rd1+ 34. Kh2 Rb1 35. a5 Kf7 36. Rd2 h6 37. Bc7 Rc1 38. Nd8+ Kf6 39. Nb7 Be7 40. Bf4 Rc6 41. Bd6 e5 42. Bb8 Rc8 43. Bd6 Rc6 44. Rd5 Nd7 45. Bxb4 Ke6 46. Rd1 e4 47. Rd4 Nf6 48. Bxe7 Kxe7 49. b4 Rc2 50. Nc5 Rxf2 51. Nxe4 Nxe4 52. Rxe4+ Kf7 53. Rc4 Rb2 54. Rc7+ Kf6 55. Rb7 Rb3 56. Rb6+ Kf5 57. Rxa6 Rxb4 58. Ra8 Ra4 59. a6 Kg6 60. Kg3 Ra2 61. Kf3 Kf7 62. h4 h5 63. g3 Ra3+ 64. Kf4 Kg6 65. Ra7 Kh7 66. Kg5 Rxg3+ 67. Kf5 Ra3 68. Ra8 Ra4 69. Kg5 Rg4+ 1/2-1/2

[Event "Wch U16"]
[Site "Montesilvano"]
[Date "2023.11.18"]
[Round "6"]
[White "Carrizo, Luciano Ariel"]
[Black "Andreev, Konstantin1"]
[Result "1-0"]
[WhiteElo "2176"]
[BlackElo "2304"]
[PlyCount "93"]
[EventDate "2023.11.13"]
[EventType "swiss"]
[EventRounds "11"]
[EventCountry "ITA"]
[SourceTitle "CB48_2023"]
[SourceDate "2023.11.29"]
[SourceVersion "1"]
[SourceVersionDate "2023.11.29"]
[SourceQuality "1"]

1. e4 c5 2. Nf3 e6 3. d4 cxd4 4. Nxd4 Nc6 5. Nc3 Qc7 6. Be3 Nf6 7. Ndb5 Qb8 8. f4 d6 9. Qf3 Be7 10. Bd3 a6 11. Nd4 Nxd4 12. Bxd4 e5 13. Be3 b5 14. 0-0 0-0 15. Kh1 exf4 16. Bxf4 Be6 17. Nd5 Bxd5 18. exd5 Qb7 19. Rad1 Rae8 20. Bg5 Nd7 21. Qh3 g6 22. Bh6 Ne5 23. Qg3 Kh8 24. Bxf8 Bxf8 25. Qf4 Bg7 26. a4 f5 27. axb5 axb5 28. h3 Rf8 29. Qb4 Qe7 30. Rde1 Bh6 31. Qd4 Bg7 32. Bxb5 g5 33. Bd3 Qd7 34. Qe3 g4 35. h4 Nxd3 36. Qxd3 f4 37. g3 f3 38. Re6 Be5 39. Qe4 Qb5 40. Qd3 Qxd3 41. cxd3 Bxg3 42. h5 Be5 43. d4 Bf4 44. h6 Bd2 45. Kg1 Rb8 46. Kf2 Bg5 47. Kg3 1-0

[Event "Villa Constitucion op"]
[Site "Villa Constitucion"]
[Date "2023.08.20"]
[Round "6"]
[White "Carrizo, Luciano Ariel"]
[Black "Fiorito, Joaquin"]
[Result "1-0"]
[WhiteElo "2229"]
[BlackElo "2409"]
[PlyCount "103"]
[EventDate "2023.08.17"]
[EventType "swiss"]
[EventRounds "9"]
[EventCountry "ARG"]
[SourceTitle "EXT 2024"]
[Source "ChessBase"]
[SourceDate "2023.10.10"]
[SourceVersion "1"]
[SourceVersionDate "2023.10.10"]
[SourceQuality "1"]

1. e4 e5 2. Nf3 Nc6 3. Bb5 a6 4. Ba4 Nf6 5. 0-0 Be7 6. Re1 b5 7. Bb3 0-0 8. a4 Rb8 9. axb5 axb5 10. d3 d6 11. c3 h6 12. Nbd2 Be6 13. d4 exd4 14. cxd4 Bg4 15. Nf1 d5 16. e5 Ne4 17. h3 Be6 18. N1d2 Nxd2 19. Bxd2 Qd7 20. Qe2 Bf5 21. Rec1 Nd8 22. Be3 Ne6 23. Ne1 Rfc8 24. Nd3 b4 25. Nf4 Nxf4 26. Bxf4 Ra8 27. Ra6 Rxa6 28. Qxa6 c5 29. dxc5 Bxc5 30. Qa5 Bf8 31. Rxc8 Qxc8 32. Bxd5 Qc2 33. Qa2 Bg6 34. Be3 Qd1+ 35. Kh2 Qh5 36. Bd4 Kh7 37. Qc4 Qf5 38. g3 Be7 39. Kg2 Qb1 40. Bf3 Qe1 41. h4 h5 42. Qe2 Qb1 43. Bxh5 Bd3 44. Qd1 Be4+ 45. Kh2 Qa2 46. Bf3 Bf5 47. Qe2 Kg8 48. Qb5 Kh7 49. Qd5 Qb1 50. Qxf7 Qd3 51. Qh5+ Kg8 52. Bd5+ 1-0

[Event "Buenos Aires Bandera Rosario"]
[Site "Buenos Aires"]
[Date "2023.06.23"]
[Round "9"]
[White "Carrizo, Luciano Ariel"]
[Black "Villegas, Franco"]
[Result "0-1"]
[WhiteElo "2216"]
[BlackElo "2367"]
[PlyCount "56"]
[EventDate "2023.06.19"]
[EventType "tourn"]
[EventRounds "9"]
[EventCountry "ARG"]
[EventCategory "2"]
[SourceTitle "CBM 215 Extra"]
[Source "ChessBase"]
[SourceDate "2023.09.30"]
[SourceVersion "1"]
[SourceVersionDate "2023.09.30"]
[SourceQuality "1"]

1. e4 c5 2. Nf3 e6 3. d4 cxd4 4. Nxd4 Nf6 5. Nc3 d6 6. Bc4 Be7 7. 0-0 0-0 8. Qe2 d5 9. exd5 exd5 10. Bb3 Nc6 11. Rd1 Bg4 12. Nf3 d4 13. h3 Bh5 14. g4 Bg6 15. Be3 Bc5 16. Nb5 dxe3 17. Rxd8 exf2+ 18. Kg2 Raxd8 19. Nc3 a6 20. Rd1 Rde8 21. Qc4 Ba7 22. Qf4 Ne4 23. Ne2 Nc5 24. Ng3 Nxb3 25. cxb3 Bc2 26. Rd7 Bb8 27. Qc4 Bxg3 28. Qxc2 Re1 0-1

[Event "ARG-ch sf 98th"]
[Site "Buenos Aires"]
[Date "2023.05.07"]
[Round "9"]
[White "Sanhueza, Cristian"]
[Black "Carrizo, Luciano Ariel"]
[Result "1-0"]
[WhiteElo "2204"]
[BlackElo "2048"]
[PlyCount "65"]
[EventDate "2023.04.29"]
[EventType "swiss"]
[EventRounds "9"]
[EventCountry "ARG"]
[SourceTitle "EXT 2024"]
[Source "ChessBase"]
[SourceDate "2023.10.10"]
[SourceVersion "1"]
[SourceVersionDate "2023.10.10"]
[SourceQuality "1"]

1. d4 Nf6 2. Bg5 d5 3. Nc3 Bf5 4. Nf3 Ne4 5. Bf4 f6 6. a3 c5 7. e3 Nxc3 8. bxc3 Qa5 9. Qd2 c4 10. Be2 Nc6 11. 0-0 g5 12. Bg3 Qa4 13. Rfb1 0-0-0 14. Ne1 h5 15. f3 Bh6 16. Qc1 g4 17. Bf2 a6 18. Rb6 Rd7 19. Rab1 e6 20. Qb2 Rhh7 21. f4 Nd8 22. Bh4 Rhf7 23. g3 Bf8 24. Ra1 Kc7 25. Rb1 Kc8 26. Ra1 Kb8 27. Bf1 Ka7 28. Bg2 Qa5 29. Rb1 Bxa3 30. Qa1 Nc6 31. Kf2 Be7 32. Qb2 Qa3 33. Rxb7+ 1-0

[Event "ARG-ch sf 98th"]
[Site "Buenos Aires"]
[Date "2023.05.04"]
[Round "6"]
[White "Carrizo, Luciano Ariel"]
[Black "Tokman, Ariel"]
[Result "0-1"]
[WhiteElo "2048"]
[BlackElo "2330"]
[PlyCount "52"]
[EventDate "2023.04.29"]
[EventType "swiss"]
[EventRounds "9"]
[EventCountry "ARG"]
[SourceTitle "EXT 2024"]
[Source "ChessBase"]
[SourceDate "2023.10.10"]
[SourceVersion "1"]
[SourceVersionDate "2023.10.10"]
[SourceQuality "1"]

1. e4 c6 2. d4 d5 3. Nc3 dxe4 4. Nxe4 Nf6 5. Nxf6+ exf6 6. c3 Bd6 7. Bd3 0-0 8. Qc2 Re8+ 9. Ne2 h5 10. 0-0 h4 11. h3 Nd7 12. Be3 Nf8 13. c4 Be6 14. Rad1 Rc8 15. Rfe1 g5 16. Nc3 Kg7 17. b3 Bb8 18. d5 cxd5 19. Be4 Qd6 20. Nxd5 Qh2+ 21. Kf1 Ng6 22. Bxg6 fxg6 23. f3 Bxd5 24. Rxd5 Qh1+ 25. Ke2 Rxe3+ 26. Kxe3 Qxe1+ 0-1

[Event "ARG-ch sf 98th"]
[Site "Buenos Aires"]
[Date "2023.05.03"]
[Round "5"]
[White "Robledo, Cristian"]
[Black "Carrizo, Luciano Ariel"]
[Result "0-1"]
[WhiteElo "2270"]
[BlackElo "2048"]
[PlyCount "78"]
[EventDate "2023.04.29"]
[EventType "swiss"]
[EventRounds "9"]
[EventCountry "ARG"]
[SourceTitle "CBM 214 Extra"]
[Source "ChessBase"]
[SourceDate "2023.07.31"]
[SourceVersion "1"]
[SourceVersionDate "2023.07.31"]
[SourceQuality "1"]

1. d4 Nf6 2. c4 g6 3. Nc3 Bg7 4. Nf3 0-0 5. Bg5 d6 6. e3 b6 7. Be2 Bb7 8. Qc2 Nbd7 9. 0-0 h6 10. Bh4 c5 11. d5 a6 12. a4 Re8 13. Nd2 e6 14. dxe6 Rxe6 15. Bf3 Qc7 16. Nd5 Nxd5 17. Bxd5 Bxd5 18. cxd5 Ree8 19. e4 b5 20. f4 Nb6 21. a5 Na4 22. Rxa4 bxa4 23. Nc4 Rab8 24. Bg3 Bd4+ 25. Kh1 Rb3 26. Re1 Qd7 27. f5 Rxg3 28. hxg3 gxf5 29. Re2 f4 30. Qd3 Qg4 31. Qf3 Qxg3 32. Qxg3+ fxg3 33. Nxd6 Rb8 34. Nc4 Rb4 35. Rc2 Bxb2 36. d6 Bc3 37. Na3 Rd4 38. Rc1 Bb2 39. Nc2 Bxc1 0-1

[Event "ARG-ch sf 98th"]
[Site "Buenos Aires"]
[Date "2023.04.29"]
[Round "1"]
[White "Fiaschi, Santiago"]
[Black "Carrizo, Luciano Ariel"]
[Result "0-1"]
[WhiteElo "1432"]
[BlackElo "2048"]
[PlyCount "56"]
[EventDate "2023.04.29"]
[EventType "swiss"]
[EventRounds "9"]
[EventCountry "ARG"]
[SourceTitle "CBM 214 Extra"]
[Source "ChessBase"]
[SourceDate "2023.07.31"]
[SourceVersion "1"]
[SourceVersionDate "2023.07.31"]
[SourceQuality "1"]

1. e4 c5 2. Bc4 d6 3. Nc3 Nc6 4. a3 Nf6 5. d3 e6 6. Bg5 Be7 7. Be3 d5 8. exd5 exd5 9. Nxd5 Nxd5 10. Qh5 Be6 11. Nf3 b5 12. Ng5 Bxg5 13. Bxg5 Qa5+ 14. Bd2 Qd8 15. Bxb5 Qd6 16. 0-0 0-0 17. f4 Nf6 18. Qh4 Nd4 19. Ba4 Nf5 20. Qf2 Ng4 21. Qe2 Qd4+ 22. Kh1 Qxa4 23. Qxg4 Ne3 24. Qg5 Nxf1 25. Bc3 f6 26. Qxc5 Qxf4 27. Qg1 Ng3+ 28. hxg3 Qxg3 0-1

[Event "ARG-ch U20"]
[Site "Buenos Aires"]
[Date "2023.02.20"]
[Round "7"]
[White "Carrizo, Luciano Ariel"]
[Black "Villordo, Matias"]
[Result "1/2-1/2"]
[WhiteElo "2024"]
[BlackElo "1675"]
[PlyCount "65"]
[EventDate "2023.02.17"]
[EventType "swiss"]
[EventRounds "9"]
[EventCountry "ARG"]
[SourceTitle "EXT 2024"]
[Source "ChessBase"]
[SourceDate "2023.10.10"]
[SourceVersion "1"]
[SourceVersionDate "2023.10.10"]
[SourceQuality "1"]

1. e4 e6 2. d4 d5 3. Nc3 Nf6 4. e5 Nfd7 5. f4 c5 6. Nf3 Nc6 7. Be3 Be7 8. Qd2 0-0 9. dxc5 Qa5 10. 0-0-0 Bxc5 11. h4 Qb6 12. Bxc5 Nxc5 13. h5 Bd7 14. g4 Rac8 15. h6 g6 16. f5 Nb4 17. Kb1 Na4 18. Nxa4 Bxa4 19. c3 Nxa2 20. Rc1 Nxc1 21. Qxc1 Bb5 22. Nd4 Bxf1 23. Rxf1 Qa6 24. Rf3 Qb6 25. Qf1 exf5 26. gxf5 Rce8 27. e6 Qa6 28. Qf2 fxe6 29. Nxe6 Rxe6 30. fxe6 Rxf3 31. Qxf3 Qxe6 32. Qg3 Qa6 33. Qg2 1/2-1/2

[Event "ARG-ch U20"]
[Site "Buenos Aires"]
[Date "2023.02.20"]
[Round "8"]
[White "Mahmud, Lihue Mateo"]
[Black "Carrizo, Luciano Ariel"]
[Result "0-1"]
[WhiteElo "1847"]
[BlackElo "2024"]
[PlyCount "70"]
[EventDate "2023.02.17"]
[EventType "swiss"]
[EventRounds "9"]
[EventCountry "ARG"]
[SourceTitle "EXT 2024"]
[Source "ChessBase"]
[SourceDate "2023.10.10"]
[SourceVersion "1"]
[SourceVersionDate "2023.10.10"]
[SourceQuality "1"]

1. e4 c5 2. Nf3 d6 3. d4 cxd4 4. Nxd4 Nf6 5. Nc3 a6 6. Be3 e5 7. Nb3 Be6 8. f3 h5 9. Nd5 Nxd5 10. exd5 Bf5 11. Be2 Nd7 12. 0-0 Nf6 13. Qd2 Be7 14. Na5 Qc7 15. c4 0-0 16. Rac1 Rfd8 17. b4 Rac8 18. Bd3 Bxd3 19. Qxd3 Nd7 20. Kh1 Rf8 21. f4 f5 22. fxe5 Nxe5 23. Qe2 Ng4 24. Bd4 Bf6 25. Bxf6 Rce8 26. Qd3 Rxf6 27. Nb3 Re3 28. Qd2 Qe7 29. Nd4 Qe4 30. Nf3 h4 31. Qd4 Rxf3 32. Qxe4 Rxf1+ 33. Rxf1 fxe4 34. Re1 e3 35. h3 e2 0-1

[Event "Santa Fe Perez op"]
[Site "Santa Fe"]
[Date "2023.01.28"]
[Round "5"]
[White "Carrizo, Luciano Ariel"]
[Black "Fiorito, Francisco"]
[Result "0-1"]
[WhiteElo "2001"]
[BlackElo "2295"]
[PlyCount "104"]
[EventDate "2023.01.26"]
[EventType "swiss"]
[EventRounds "7"]
[EventCountry "ARG"]
[SourceTitle "CBM 212 Extra"]
[Source "ChessBase"]
[SourceDate "2023.03.31"]
[SourceVersion "1"]
[SourceVersionDate "2023.03.31"]
[SourceQuality "1"]

1. e4 c6 2. d4 d5 3. e5 c5 4. dxc5 e6 5. a3 Bxc5 6. b4 Be7 7. Bb2 Nc6 8. Bd3 Nh6 9. Nd2 Nf5 10. Ngf3 0-0 11. 0-0 Qc7 12. Re1 Rd8 13. Qe2 Bf8 14. c4 dxc4 15. Nxc4 Nce7 16. Rac1 Qb8 17. g4 Ng6 18. Qe4 Nh6 19. Nd4 Be7 20. Rc2 Bd7 21. Na5 Ba4 22. Rc4 Rd5 23. Rec1 Qe8 24. f4 Nxg4 25. Rc7 Bd8 26. Rxb7 Bb6 27. h3 Nh6 28. Kh2 Rad8 29. Rxb6 axb6 30. Nb7 Rb8 31. Nd6 Qe7 32. Nf3 Rd8 33. Rc8 Rxc8 34. Nxc8 Qc7 35. Nd6 Bc6 36. Nd4 Ba8 37. b5 Qd8 38. Nc6 Qh4 39. Bd4 Ng4+ 40. Kg2 Rxd4 41. Qxd4 N4xe5 42. Bxg6 Nxg6 43. Ne8 e5 44. Qe3 Qd8 45. Qe4 Qxe8 46. f5 Nf4+ 47. Kh2 h5 48. a4 h4 49. Ne7+ Qxe7 50. Qxa8+ Kh7 51. Qf3 Qb4 52. Qf2 Nd3 0-1

[Event "Corrientes Mayor Rosarino op"]
[Site "Corrientes"]
[Date "2022.10.08"]
[Round "5"]
[White "Carrizo, Luciano Ariel"]
[Black "Alvarez, Leandro"]
[Result "1/2-1/2"]
[WhiteElo "2047"]
[BlackElo "2098"]
[PlyCount "30"]
[EventDate "2022.10.06"]
[EventType "swiss"]
[EventRounds "9"]
[EventCountry "ARG"]
[SourceTitle "CBM 210 Extra"]
[Source "ChessBase"]
[SourceDate "2022.11.30"]
[SourceVersion "1"]
[SourceVersionDate "2022.11.30"]
[SourceQuality "1"]

1. e4 d6 2. d4 Nf6 3. Nc3 g6 4. Bf4 Nbd7 5. Qd2 e5 6. Be3 Ng4 7. Bg5 f6 8. Bh4 c6 9. h3 Nh6 10. Nf3 Qb6 11. Bc4 g5 12. Nxg5 Qxd4 13. Qe2 fxg5 14. Qh5+ Kd8 15. Bxg5+ Kc7 1/2-1/2

[Event "ARG-ch sf 97th"]
[Site "Buenos Aires"]
[Date "2022.09.10"]
[Round "4"]
[White "Aranda, Juan Manuel"]
[Black "Carrizo, Luciano Ariel"]
[Result "1-0"]
[WhiteElo "2201"]
[BlackElo "1931"]
[PlyCount "67"]
[EventDate "2022.09.08"]
[EventType "swiss"]
[EventRounds "9"]
[EventCountry "ARG"]
[SourceTitle "CBM 210 Extra"]
[Source "ChessBase"]
[SourceDate "2022.11.30"]
[SourceVersion "1"]
[SourceVersionDate "2022.11.30"]
[SourceQuality "1"]

1. Nf3 d5 2. g3 c5 3. Bg2 Nf6 4. 0-0 Nc6 5. d4 e6 6. c4 Be7 7. Nc3 dxc4 8. Qa4 0-0 9. dxc5 Bxc5 10. Qxc4 Bb6 11. Bg5 h6 12. Rad1 Qe7 13. Bh4 Qc5 14. Qf4 e5 15. Qc1 e4 16. Bxf6 exf3 17. Bxf3 gxf6 18. Rd5 Qc4 19. Qxh6 f5 20. Ne4 f6 21. Qg6+ Kh8 22. Nd6 Qc2 23. Be4 Qxe2 24. Rxf5 Bxf5 25. Bxf5 Qe7 26. Kg2 Rad8 27. Re1 Ne5 28. Rxe5 fxe5 29. Qh6+ Kg8 30. Be6+ Qxe6 31. Qxe6+ Kh7 32. Qe7+ Kg6 33. Qe6+ Kh7 34. Nf5 1-0